000 01441nam a2200361Ia 4500
001 ebr10284080
003 CaPaEBR
006 m u
007 cr cn|||||||||
008 070326s2008 nju sb 001 0 eng d
010 _z 2007012801
020 _z9780691131405 (hardcover : alk. paper)
020 _z0691131406 (hardcover : alk. paper)
020 _z9780691134819 (pbk. : alk. paper)
020 _z0691134812 (pbk. : alk. paper)
040 _aCaPaEBR
_cCaPaEBR
035 _a(OCoLC)368381441
050 1 4 _aBR115.P7
_bC37955 2008eb
245 0 0 _aChristian political ethics
_h[electronic resource] /
_cedited by John A. Coleman.
260 _aPrinceton, NJ :
_bPrinceton University Press,
_cc2008.
300 _axvii, 289 p.
490 1 _aEthikon series in comparative ethics
504 _aIncludes bibliographical references and index.
533 _aElectronic reproduction.
_bPalo Alto, Calif. :
_cebrary,
_d2011.
_nAvailable via World Wide Web.
_nAccess may be limited to ebrary affiliated libraries.
650 0 _aChristianity and politics.
650 0 _aChristian ethics.
650 0 _aPolitical ethics.
655 7 _aElectronic books.
_2local
700 1 _aColeman, John Aloysius,
_d1937-
710 2 _aebrary, Inc.
830 0 _aEthikon series in comparative ethics.
856 4 0 _uhttp://site.ebrary.com/lib/rucke/Doc?id=10284080
_zAn electronic book accessible through the World Wide Web; click to view
999 _c2513
_d2513